[Event "Solingen-ch 2015"]
[Site "Solingen"]
[Date "2015.11.06"]
[Round "5.11"]
[White "Ehringfeld, Michael"]
[Black "Brinkmann, Katharina"]
[Result "0-1"]
[WhiteElo "1553"]
[BlackElo "1763"]
[PlyCount "110"]
[EventDate "2015.??.??"]
[WhiteTeam "SG Solingen"]
[BlackTeam "SV Grünfeld"]

1. d4 e6 2. c4 d5 3. Nc3 Nf6 4. Bg5 Be7 5. e3 O-O 6. Qc2 h6 7. Bh4 b6 8. cxd5
exd5 9. Nf3 Bb7 10. Bd3 c5 11. O-O Ne4 12. Bxe7 Qxe7 13. Nd2 Nxd2 14. Qxd2 Nd7
15. Rfe1 Qg5 16. Rad1 Qh5 17. Bb5 Nf6 18. Be2 Qg6 19. Bf3 c4 20. Re2 a6 21. a4
Ne4 22. Bxe4 dxe4 23. Rb1 Rad8 24. b4 cxb3 25. Rxb3 Rd6 26. Qe1 Bc8 27. Kh1 Qg4
28. h3 Qh4 29. Qf1 Be6 30. d5 Bd7 31. Rb4 f5 32. Kh2 Qe7 33. Qe1 Rg6 34. g3
Qxb4 35. Qc1 Rc8 36. Na2 Rxc1 37. Nxb4 b5 38. axb5 Bxb5 39. Rd2 Rd6 40. Na2 Rc5
41. Nb4 a5 42. Nc2 Rcxd5 43. Nd4 Bd7 44. g4 fxg4 45. Kg3 gxh3 46. Rb2 Rg6+ 47.
Kh2 Rdg5 48. Rb8+ Kh7 49. Ne2 Rg2+ 50. Kh1 Rxf2 51. Ng3 Rxg3 52. Rh8+ Kg6 53.
Rxh6+ Kf7 54. Rg6 Rxe3 55. Rg2 hxg2+ 0-1

[Event "Solingen-ch 2015"]
[Site "Solingen"]
[Date "2015.11.06"]
[Round "5.12"]
[White "Vranidis, Athanassios"]
[Black "Rebischke, Florian"]
[Result "1-0"]
[WhiteElo "1942"]
[BlackElo "1617"]
[PlyCount "85"]
[EventDate "2015.??.??"]
[WhiteTeam "SG Solingen"]
[BlackTeam "Godesberger SK"]

1. d4 Nf6 2. c4 e6 3. Nc3 Bb4 4. Qc2 c5 5. dxc5 Bxc5 6. Nf3 O-O 7. Bg5 h6 8.
Bh4 Nc6 9. a3 Be7 10. e3 b6 11. Be2 Bb7 12. O-O Rc8 13. Rfd1 Na5 14. Ne5 d6 15.
b4 Nc6 16. Nxc6 Bxc6 17. Rac1 Qc7 18. Qd3 Rfd8 19. Bg3 Qb7 20. f3 Nh5 21. Bf2
Nf6 22. e4 e5 23. Be3 Bd7 24. Nd5 Nxd5 25. cxd5 Ba4 26. Re1 Bd7 27. Qa6 Qb8 28.
Bb5 Bxb5 29. Qxb5 Kf8 30. Rc6 Rxc6 31. dxc6 Qc7 32. a4 f5 33. Qd5 f4 34. Bf2
Rc8 35. b5 Qd8 36. g3 fxg3 37. hxg3 Rc7 38. a5 bxa5 39. b6 axb6 40. Bxb6 Qc8
41. Bxc7 Qxc7 42. Rb1 Qa7+ 43. Kg2 1-0

[Event "Solingen-ch 2015"]
[Site "Solingen"]
[Date "2015.11.06"]
[Round "5.13"]
[White "Boschek, Dr. Hans-Joachim"]
[Black "Bashylina, Luisa"]
[Result "1/2-1/2"]
[WhiteElo "1910"]
[BlackElo "1127"]
[PlyCount "50"]
[EventDate "2015.??.??"]
[WhiteTeam "SG Solingen"]
[BlackTeam "SG Solingen"]

1. c4 e5 2. g3 Nc6 3. Bg2 d6 4. e4 f5 5. d3 Nf6 6. Nc3 g6 7. Nge2 Bg7 8. O-O
O-O 9. Nd5 h6 10. f4 Kh8 11. Nxf6 Qxf6 12. Be3 exf4 13. Nxf4 Be6 14. Nxe6 Qxe6
15. Qd2 Kh7 16. exf5 Rxf5 17. Rxf5 Qxf5 18. Rf1 Qd7 19. Bd5 Rf8 20. Rxf8 Bxf8
21. d4 Qf5 22. a3 Bg7 23. Kg2 Qg4 24. Bf3 Qf5 25. b4 a6 1/2-1/2

[Event "Solingen-ch 2015"]
[Site "Solingen"]
[Date "2015.11.06"]
[Round "5.14"]
[White "Schubert, Florian"]
[Black "Falge, Rainer"]
[Result "1/2-1/2"]
[WhiteElo "1137"]
[BlackElo "1748"]
[PlyCount "102"]
[EventDate "2015.??.??"]
[WhiteTeam "SG Solingen"]
[BlackTeam "SG Solingen"]

1. e4 d6 2. Nf3 Nf6 3. Nc3 g6 4. d4 Bg7 5. Bc4 c5 6. Be3 cxd4 7. Bxd4 O-O 8. h3
Nc6 9. Be3 Nd7 10. Nd4 Nxd4 11. Bxd4 Ne5 12. O-O Nxc4 13. Bxg7 Kxg7 14. Qd4+
Ne5 15. f4 f6 16. fxe5 dxe5 17. Qxd8 Rxd8 18. Rad1 Be6 19. Nd5 Kf7 20. Rf3 Bxd5
21. Rxd5 Rxd5 22. exd5 e4 23. Rb3 b6 24. Kf2 Ke8 25. Ke3 f5 26. g4 e6 27. dxe6
Ke7 28. gxf5 gxf5 29. Kf4 Kxe6 30. Rb5 Rf8 31. Re5+ Kd6 32. c4 Rf7 33. b4 Rf6
34. a4 Rf7 35. c5+ bxc5 36. bxc5+ Kc6 37. h4 h6 38. h5 Rf6 39. Re7 Kxc5 40.
Rxa7 Kb4 41. a5 Kb5 42. a6 Rxa6 43. Rf7 Re6 44. Rxf5+ Kc6 45. Ke3 Kd6 46. Rf4
Kd5 47. Rg4 Re5 48. Rh4 Re6 49. Rg4 Re5 50. Rh4 Re6 51. Rg4 Re5 1/2-1/2

[Event "Solingen-ch 2015"]
[Site "Solingen"]
[Date "2015.11.06"]
[Round "5.15"]
[White "Mix, Lothar"]
[Black "Skiber, Friedel"]
[Result "0-1"]
[WhiteElo "1241"]
[BlackElo "1730"]
[PlyCount "71"]
[EventDate "2015.??.??"]
[WhiteTeam "SG Solingen"]
[BlackTeam "SG Solingen"]

1. e4 d6 2. d4 Nf6 3. Nc3 g6 4. Bg5 Bg7 5. Be2 c6 6. Nf3 Qa5 7. Bd2 Qc7 8. h3
h5 9. Nh2 b5 10. Bf3 b4 11. Ne2 a5 12. c3 Na6 13. Rc1 Rb8 14. cxb4 e5 15. d5
Bd7 16. dxc6 Be6 17. Qa4 Nxb4 18. Bxb4 Rxb4 19. Qd1 Bxa2 20. O-O Nxe4 21. Bxe4
Rxe4 22. Nc3 Rd4 23. Qf3 Bc4 24. Rfe1 O-O 25. Re4 Qxc6 26. Rce1 Rxe4 27. Nxe4
d5 28. Nc3 e4 29. Qd1 Bd3 30. Nf1 d4 31. Ne2 Rc8 32. Nf4 Bc2 33. Qa1 a4 34. Rc1
d3 35. Nd2 Rb8 36. Qa3 0-1

[Event "Solingen-ch 2015"]
[Site "Solingen"]
[Date "2015.11.06"]
[Round "5.16"]
[White "Barche, Uwe"]
[Black "Schubert, Stefan"]
[Result "0-1"]
[WhiteElo "1412"]
[BlackElo "1133"]
[PlyCount "90"]
[EventDate "2015.??.??"]
[WhiteTeam "SG Solingen"]
[BlackTeam "SG Solingen"]

1. c4 b6 2. Nc3 Bb7 3. e4 e5 4. g3 Bc5 5. Nge2 Qf6 6. d4 exd4 7. Nd5 Bxd5 8.
cxd5 Qf3 9. Rg1 d3 10. Nd4 Qxd1+ 11. Kxd1 Bxd4 12. Rg2 Nf6 13. Bxd3 Ng4 14. Ke2
Ne5 15. Bc2 c5 16. Rb1 d6 17. f4 Ned7 18. Bd2 O-O 19. Kd3 f5 20. Re2 Na6 21. a3
Rae8 22. Kc4 Nc7 23. b4 b5+ 24. Kb3 c4+ 25. Ka2 Nxd5 26. a4 Bc3 27. Be1 Bxe1
28. Rexe1 Nc3+ 29. Kb2 Nxb1 30. Kxb1 bxa4 31. Bxa4 Rxe4 32. Rxe4 fxe4 33. Bxd7
e3 34. Be6+ Kh8 35. Bxc4 Rc8 36. Be2 d5 37. Kb2 d4 38. Bd3 Kg8 39. g4 Kf7 40.
h4 Rb8 41. Kb3 Rc8 42. Kb2 Rc6 43. f5 Ke7 44. b5 Rc5 45. Kb3 Rc3+ 0-1

[Event "Solingen-ch 2015"]
[Site "Solingen"]
[Date "2015.11.06"]
[Round "5.17"]
[White "Bauer, Matthias"]
[Black "Kaiser, Stephan"]
[Result "0-1"]
[WhiteElo "1693"]
[BlackElo "1889"]
[PlyCount "68"]
[EventDate "2015.??.??"]
[WhiteTeam "SV Günnigfeld"]
[BlackTeam "SG Solingen"]

1. Nf3 d5 2. d4 Nf6 3. e3 Bg4 4. Nbd2 e6 5. c3 c6 6. Bd3 Bd6 7. Qc2 Nbd7 8. e4
dxe4 9. Nxe4 Nxe4 10. Bxe4 h6 11. h3 Bxf3 12. Bxf3 Nf6 13. Qb3 Qc7 14. Be3 O-O
15. O-O-O b6 16. Qc2 Rac8 17. Qd2 Nd5 18. Bxd5 cxd5 19. Kb1 f5 20. f4 b5 21.
Qe2 Rb8 22. Bd2 Rf6 23. g3 b4 24. cxb4 Bxb4 25. Bxb4 Rxb4 26. Rd3 Qb6 27. Qd2
Rf8 28. Re1 Rb8 29. Re2 a5 30. a3 Rc4 31. Qe3 Kf7 32. Rd1 Rbc8 33. Ree1 Rc2 34.
b3 R8c3 0-1

[Event "Solingen-ch 2015"]
[Site "Solingen"]
[Date "2015.11.06"]
[Round "5.18"]
[White "Fodor, Bernhard"]
[Black "Johann, Hans Werner"]
[Result "1/2-1/2"]
[WhiteElo "1381"]
[BlackElo "1332"]
[PlyCount "109"]
[EventDate "2015.??.??"]
[WhiteTeam "SG Solingen"]
[BlackTeam "TV Witzhelden"]

1. f4 c5 2. Nf3 Nc6 3. Nc3 Nf6 4. g3 e6 5. e4 d6 6. Bg2 Be7 7. O-O O-O 8. d4
cxd4 9. Nxd4 Nxd4 10. Qxd4 Nd7 11. Qd1 a6 12. Be3 b6 13. e5 d5 14. Ne2 Bc5 15.
Nd4 Bb7 16. c3 Bxd4 17. Bxd4 a5 18. Rf2 f5 19. a4 Nc5 20. Bxc5 bxc5 21. c4 Rb8
22. Rd2 d4 23. Bf1 Ba6 24. Rc1 Rb4 25. b3 Qd7 26. Qh5 Qf7 27. Qd1 Rfb8 28. Rd3
Bb7 29. Bg2 Be4 30. Rb1 Bxd3 31. Qxd3 Qa7 32. Bc6 R4b6 33. Bb5 Qb7 34. Rf1 Qe4
35. Qd1 Qe3+ 36. Kg2 Qe4+ 37. Kh3 Qb7 38. Rf3 Rd8 39. Rd3 Qf7 40. Qf3 Qg6 41.
Kg2 h5 42. h4 Qf7 43. Qd1 g6 44. Qd2 Ra8 45. Rf3 Qb7 46. Kf2 Kf7 47. Qd1 Rd8
48. Rd3 Ke7 49. Qc2 Qh1 50. Qe2 Qe4 51. Qc2 Qh1 52. Qe2 Qh2+ 53. Kf3 Qh3 54.
Qg2 Qxg2+ 55. Kxg2 1/2-1/2

[Event "Solingen-ch 2015"]
[Site "Solingen"]
[Date "2015.11.06"]
[Round "5.19"]
[White "Möller, Laura"]
[Black "Wolf, Wieland"]
[Result "1-0"]
[WhiteElo "1736"]
[BlackElo "1374"]
[PlyCount "57"]
[EventDate "2015.??.??"]
[WhiteTeam "SG Solingen"]
[BlackTeam "SG Solingen"]

1. c4 c5 2. Nc3 e6 3. g3 Nf6 4. Bg2 Be7 5. Nf3 O-O 6. O-O Nc6 7. e3 a6 8. d4
cxd4 9. exd4 d6 10. Re1 Rb8 11. Bf4 Nh5 12. Bc1 g6 13. d5 Na7 14. Bh6 Re8 15.
Qd4 Ra8 16. g4 Bf6 17. Qe3 Ng7 18. g5 exd5 19. Qf4 Bxc3 20. bxc3 dxc4 21. Qxc4
Be6 22. Qd4 Nf5 23. Qf4 Nxh6 24. gxh6 f5 25. Qd4 Qd7 26. Ng5 Nc6 27. Bxc6 bxc6
28. Nxe6 c5 29. Qf6 1-0

[Event "Solingen-ch 2015"]
[Site "Solingen"]
[Date "2015.11.20"]
[Round "6.1"]
[White "Kniest, Oliver"]
[Black "Lemanczyk, Thomas"]
[Result "1/2-1/2"]
[WhiteElo "2291"]
[BlackElo "2224"]
[PlyCount "36"]
[EventDate "2015.??.??"]
[WhiteTeam "SG Solingen"]
[BlackTeam "SG Solingen"]

1. d4 Nf6 2. Bg5 d5 3. e3 c5 4. Bxf6 gxf6 5. Nc3 e6 6. dxc5 Bxc5 7. Qh5 Qe7 8.
O-O-O Nc6 9. Nge2 a6 10. Nf4 Bd7 11. Ncxd5 exd5 12. Nxd5 Qe5 13. Qxe5+ Nxe5 14.
Nc7+ Ke7 15. Nxa8 Rxa8 16. Be2 Bc6 17. Rhg1 f5 18. h3 Ng6 1/2-1/2

[Event "Solingen-ch 2015"]
[Site "Solingen"]
[Date "2015.11.20"]
[Round "6.2"]
[White "Görke, Joachim"]
[Black "Schockenbäumer, Dirk"]
[Result "1-0"]
[WhiteElo "2105"]
[BlackElo "2161"]
[PlyCount "45"]
[EventDate "2015.??.??"]
[WhiteTeam "SG Solingen"]
[BlackTeam "SG Solingen"]

1. e4 c5 2. Nf3 d6 3. d4 cxd4 4. Nxd4 Nf6 5. Nc3 a6 6. h3 e5 7. Nf5 Nxe4 8.
Nxg7+ Bxg7 9. Nxe4 d5 10. Nc3 Be6 11. g4 Nc6 12. Bg2 Nd4 13. Be3 Qd6 14. Qd2
Rc8 15. O-O Rc4 16. Bh6 Bf6 17. f4 e4 18. f5 Bd7 19. Bxe4 dxe4 20. Nxe4 Nf3+
21. Rxf3 Qxd2 22. Nxf6+ Ke7 23. Bxd2 1-0

[Event "Solingen-ch 2015"]
[Site "Solingen"]
[Date "2015.11.20"]
[Round "6.3"]
[White "Peschel, Andreas"]
[Black "Kesseler, Heiko"]
[Result "1-0"]
[WhiteElo "2165"]
[BlackElo "2012"]
[PlyCount "105"]
[EventDate "2015.??.??"]
[WhiteTeam "SG Solingen"]
[BlackTeam "Elberfelder SG"]

1. Nf3 c5 2. g3 d5 3. Bg2 Nc6 4. O-O Nf6 5. d3 e5 6. e4 dxe4 7. dxe4 Bg4 8. c3
Qxd1 9. Rxd1 Be7 10. Na3 O-O 11. Bg5 Rfd8 12. Nc4 h6 13. Bxf6 Bxf6 14. Ne3 Bxf3
15. Bxf3 Kf8 16. Rd5 b6 17. Rad1 Rac8 18. Bg4 Rb8 19. h4 Rxd5 20. Rxd5 Rd8 21.
Kf1 Ke8 22. Ke2 Ne7 23. Rxd8+ Kxd8 24. Kd3 b5 25. a4 a6 26. Ng2 Nc6 27. Kc2 Be7
28. b3 c4 29. axb5 cxb3+ 30. Kxb3 axb5 31. f4 Na5+ 32. Kc2 Nc4 33. Be2 exf4 34.
Bxc4 f3 35. Ne3 bxc4 36. Nxc4 Bd6 37. g4 h5 38. gxh5 Bg3 39. Kd3 Bxh4 40. Nd6
f2 41. Ke2 Bf6 42. e5 Bh4 43. Nf5 Bg5 44. Nxg7 Kd7 45. Nf5 Ke6 46. Nd4+ Kd5 47.
Nf3 Bh6 48. Kxf2 Kc4 49. Kg3 Kxc3 50. Kg4 Bg7 51. Kf5 Kc4 52. Ng5 f6 53. exf6
1-0

[Event "Solingen-ch 2015"]
[Site "Solingen"]
[Date "2015.11.20"]
[Round "6.4"]
[White "Zolfagharian, Kevin"]
[Black "Alexopoulos, Dr. Spiros"]
[Result "1/2-1/2"]
[WhiteElo "2110"]
[BlackElo "1931"]
[PlyCount "71"]
[EventDate "2015.??.??"]
[WhiteTeam "SG Solingen"]
[BlackTeam "Aachener SV"]

1. e4 d5 2. exd5 Nf6 3. d4 Bg4 4. f3 Bf5 5. Bb5+ Nbd7 6. c4 e6 7. dxe6 Bxe6 8.
d5 Bf5 9. Nc3 Bb4 10. Nge2 O-O 11. Bxd7 Nxd7 12. O-O Bc5+ 13. Kh1 Ne5 14. Na4
Bd6 15. c5 Be7 16. f4 Nd3 17. Be3 Qxd5 18. Nac3 Qe6 19. Nd4 Qxe3 20. Nxf5 Nf2+
21. Rxf2 Qxf2 22. Nxe7+ Kh8 23. Qb3 Rae8 24. Ncd5 c6 25. Qxb7 cxd5 26. h3 Qxc5
27. Nc6 Re2 28. Ne5 Qf2 29. Qxd5 Qxf4 30. Qc5 Re8 31. Nf3 Qg3 32. Rg1 h6 33.
Qxa7 Rf2 34. Qxf7 Ree2 35. Qf8+ Kh7 36. Qf5+ 1/2-1/2

[Event "Solingen-ch 2015"]
[Site "Solingen"]
[Date "2015.11.20"]
[Round "6.5"]
[White "Flesch, Dr. Stefan"]
[Black "Speck, Stefan"]
[Result "1/2-1/2"]
[WhiteElo "2073"]
[BlackElo "1995"]
[PlyCount "45"]
[EventDate "2015.??.??"]
[WhiteTeam "SG Solingen"]
[BlackTeam "SC Solingen 28"]

1. d4 c5 2. d5 e6 3. c4 exd5 4. cxd5 d6 5. Nc3 Ne7 6. e4 Ng6 7. Nf3 Be7 8. Be2
O-O 9. O-O Bd7 10. a4 Na6 11. Nd2 Nb4 12. Nc4 b6 13. f4 a6 14. Ne3 Bf6 15. Kh1
Bd4 16. Nc2 Nxc2 17. Qxc2 f5 18. Bd3 Qf6 19. Bd2 Kh8 20. Ne2 fxe4 21. Bxe4 Rae8
22. Nxd4 Qxd4 23. Bxg6 1/2-1/2

[Event "Solingen-ch 2015"]
[Site "Solingen"]
[Date "2015.11.20"]
[Round "6.6"]
[White "Meckel, Helmut"]
[Black "Pentz, Jörg"]
[Result "0-1"]
[WhiteElo "1772"]
[BlackElo "1985"]
[PlyCount "56"]
[EventDate "2015.??.??"]
[WhiteTeam "SG Solingen"]
[BlackTeam "SG Solingen"]

1. b4 c6 2. c4 Qb6 3. Qb3 a5 4. b5 d6 5. Nc3 Nf6 6. e3 g6 7. Bb2 Bg7 8. Ne4
Nbd7 9. bxc6 Qxc6 10. Nxf6+ Nxf6 11. Nf3 O-O 12. d4 Bg4 13. Be2 a4 14. Qb5 Qc7
15. Bc3 Ne4 16. Bb4 Bd7 17. Bxd6 Nxd6 18. Qb4 Rfc8 19. c5 Ne4 20. Rb1 Bc6 21.
Nd2 Nxd2 22. Kxd2 Qa5 23. f3 Qxb4+ 24. Rxb4 e5 25. Bc4 exd4 26. exd4 Bxd4 27.
Bxf7+ Kxf7 28. Rxd4 Rd8 0-1

[Event "Solingen-ch 2015"]
[Site "Solingen"]
[Date "2015.11.20"]
[Round "6.7"]
[White "Mentzel, Markus"]
[Black "Fränzel, Dr. Marius"]
[Result "1/2-1/2"]
[WhiteElo "1950"]
[BlackElo "1803"]
[PlyCount "42"]
[EventDate "2015.??.??"]
[WhiteTeam "SG Solingen"]
[BlackTeam "SG Solingen"]

1. d4 d5 2. Nf3 Nf6 3. c4 c6 4. Qb3 e6 5. g3 Nbd7 6. Bg2 Bd6 7. O-O O-O 8. Nc3
Re8 9. Bg5 h6 10. Bxf6 Qxf6 11. e4 dxe4 12. Nxe4 Qe7 13. Nxd6 Qxd6 14. Rad1 Nf6
15. Rfe1 Rb8 16. Ne5 Qc7 17. Qa3 Bd7 18. Qc3 Rbc8 19. Rc1 Red8 20. Red1 Be8 21.
b3 Qb8 1/2-1/2

[Event "Solingen-ch 2015"]
[Site "Solingen"]
[Date "2015.11.20"]
[Round "6.8"]
[White "Brinkmann, Katharina"]
[Black "Ferger, Jürgen"]
[Result "1/2-1/2"]
[WhiteElo "1763"]
[BlackElo "1915"]
[PlyCount "83"]
[EventDate "2015.??.??"]
[WhiteTeam "SV Grünfeld"]
[BlackTeam "SG Solingen"]

1. d4 Nf6 2. c4 e6 3. Nc3 d5 4. Nf3 Be7 5. e3 O-O 6. Bd3 b6 7. O-O dxc4 8. Bxc4
Bb7 9. Re1 a6 10. e4 b5 11. Bd3 h6 12. e5 Nfd7 13. Be4 Bxe4 14. Nxe4 Nb6 15.
Qc2 Nd5 16. a3 Nd7 17. Bd2 Re8 18. Rac1 N7b6 19. Rcd1 Nc4 20. Bc1 Qd7 21. Nc5
Bxc5 22. dxc5 Qe7 23. b3 Na5 24. Bd2 Nc6 25. b4 a5 26. Re4 axb4 27. axb4 Ra4
28. Rb1 Rea8 29. Rg4 f5 30. exf6 Qxf6 31. Rg6 Ncxb4 32. Qxa4 Rxa4 33. Rxf6 gxf6
34. Nd4 c6 35. Nxe6 Kf7 36. Nd8+ Ke7 37. Nb7 h5 38. Kf1 Na6 39. Ke2 Rc4 40. Rc1
Rxc1 41. Bxc1 Kd7 42. Kd3 1/2-1/2

[Event "Solingen-ch 2015"]
[Site "Solingen"]
[Date "2015.11.20"]
[Round "6.9"]
[White "Skiber, Friedel"]
[Black "Vranidis, Athanassios"]
[Result "0-1"]
[WhiteElo "1730"]
[BlackElo "1942"]
[PlyCount "86"]
[EventDate "2015.??.??"]
[WhiteTeam "SG Solingen"]
[BlackTeam "SG Solingen"]

1. e4 c5 2. Nc3 Nc6 3. Bb5 Nd4 4. Bc4 e6 5. Nge2 g6 6. O-O Bg7 7. f4 Ne7 8. d3
O-O 9. Nxd4 cxd4 10. Ne2 d5 11. Bb3 dxe4 12. dxe4 b6 13. Qd3 a5 14. a4 Ba6 15.
Qf3 d3 16. Ng3 d2 17. Rd1 dxc1=Q 18. Raxc1 Qc7 19. f5 exf5 20. exf5 Qc5+ 21.
Kh1 Nxf5 22. Ne4 Qe3 23. Qxe3 Nxe3 24. Rd7 Rad8 25. Ra7 Bf1 26. Kg1 Bxg2 27.
Ng5 Bd5 28. c4 Be6 29. Re1 Bd4 30. Kh1 h6 31. Nf3 Bc5 32. Ne5 Kg7 33. Re2 Rd6
34. Rf2 Bf5 35. Re2 Bd4 36. Rxe3 Bxe3 37. Kg2 Be4+ 38. Kg3 Rd2 39. c5 g5 40.
Bxf7 Bf4+ 41. Kg4 Rg2+ 42. Kh3 Rxh2+ 43. Kg4 Rh4# 0-1

[Event "Solingen-ch 2015"]
[Site "Solingen"]
[Date "2015.11.20"]
[Round "6.10"]
[White "Borchert, Stephan"]
[Black "Nguyen, Gia Huy Philipp"]
[Result "1-0"]
[WhiteElo "1850"]
[BlackElo "1858"]
[PlyCount "93"]
[EventDate "2015.??.??"]
[WhiteTeam "SG Solingen"]
[BlackTeam "SG Solingen"]

1. e4 c5 2. Nf3 d6 3. Bb5+ Bd7 4. Bxd7+ Qxd7 5. O-O Nf6 6. Re1 Nc6 7. c3 e6 8.
Na3 Be7 9. Nc2 O-O 10. d3 a6 11. Ne3 Qc7 12. Nf1 b5 13. Ng3 a5 14. Bf4 b4 15.
d4 cxd4 16. cxd4 e5 17. Bg5 h6 18. Be3 d5 19. Rc1 Qd7 20. dxe5 Ng4 21. exd5
Ncxe5 22. Nxe5 Nxe5 23. Bf4 Ng6 24. d6 Bd8 25. Be3 Re8 26. Qd5 Ra6 27. Bc5
Rxe1+ 28. Rxe1 Nf4 29. Qc4 Rc6 30. Qxf4 Rxc5 31. h3 Rc2 32. Qe5 Bf6 33. Qxa5
Bxb2 34. Qa8+ Rc8 35. Qd5 Bf6 36. Ne4 Be7 37. Rd1 Bf8 38. Qa5 Rc4 39. Qd5 Rc8
40. Qd4 Rb8 41. Rd3 Kh8 42. Nd2 Kg8 43. Nc4 Qd8 44. Ne5 Qc8 45. d7 Qc1+ 46. Rd1
Qg5 47. Nc6 1-0

[Event "Solingen-ch 2015"]
[Site "Solingen"]
[Date "2015.11.20"]
[Round "6.11"]
[White "Schubert, Stefan"]
[Black "Sherif, Malik"]
[Result "0-1"]
[WhiteElo "1133"]
[BlackElo "1761"]
[PlyCount "54"]
[EventDate "2015.??.??"]
[WhiteTeam "SG Solingen"]
[BlackTeam "SG Solingen"]

1. a4 d5 2. d4 Nf6 3. Nf3 Bf5 4. e3 Nbd7 5. c4 e6 6. Nc3 Bb4 7. Bd2 c5 8. Nb5
Bxd2+ 9. Qxd2 Ne4 10. Qe2 Qa5+ 11. Nd2 a6 12. Nc3 Nxc3 13. bxc3 Qxc3 14. Rb1
Bxb1 15. Qg4 Bg6 16. h4 Nf6 17. Qf4 Ne4 18. Ke2 Qxd2+ 19. Kf3 Qxf2+ 20. Kg4 h5+
21. Kh3 Bf5+ 22. Kh2 Qxf4+ 23. exf4 cxd4 24. cxd5 Nf2 25. Rg1 d3 26. Kg3 Ne4+
27. Kf3 Nd2+ 0-1

[Event "Solingen-ch 2015"]
[Site "Solingen"]
[Date "2015.11.20"]
[Round "6.12"]
[White "Littek, Oliver"]
[Black "Boschek, Dr. Hans-Joachim"]
[Result "0-1"]
[WhiteElo "1137"]
[BlackElo "1910"]
[PlyCount "90"]
[EventDate "2015.??.??"]
[WhiteTeam "SG Solingen"]
[BlackTeam "SG Solingen"]

1. e4 c5 2. Nc3 Nc6 3. Bc4 e6 4. a3 a6 5. Nf3 d6 6. d3 Be7 7. Be3 Bf6 8. d4
cxd4 9. Nxd4 Qc7 10. Nxc6 Qxc6 11. Bb3 Bxc3+ 12. bxc3 Qxc3+ 13. Bd2 Qd4 14. O-O
Nf6 15. Re1 O-O 16. Bb4 Qb6 17. Qxd6 Qxd6 18. Bxd6 Rd8 19. e5 Ne8 20. Red1 Nxd6
21. exd6 b5 22. f4 g6 23. Rd4 Bd7 24. a4 bxa4 25. Bxa4 Bxa4 26. Raxa4 Rac8 27.
c4 Rc6 28. d7 Kf8 29. Kf2 Ke7 30. Kg3 Rxd7 31. Rxd7+ Kxd7 32. Kg4 h6 33. h4 f5+
34. Kf3 Rb6 35. Ke3 Rd6 36. Kf3 Kc7 37. g4 Kb6 38. gxf5 exf5 39. Ra2 Kc5 40.
Rg2 a5 41. Ra2 Ra6 42. Rc2 a4 43. Ke3 a3 44. Ra2 Kxc4 45. Kd2 Kb3 0-1

[Event "Solingen-ch 2015"]
[Site "Solingen"]
[Date "2015.11.20"]
[Round "6.13"]
[White "Kaiser, Stephan"]
[Black "Schubert, Florian"]
[Result "1-0"]
[WhiteElo "1889"]
[BlackElo "1137"]
[PlyCount "91"]
[EventDate "2015.??.??"]
[WhiteTeam "SG Solingen"]
[BlackTeam "SG Solingen"]

1. d4 d5 2. c4 dxc4 3. Nc3 Nf6 4. e3 Nc6 5. Bxc4 e6 6. Nf3 Bd6 7. O-O O-O 8.
Bd2 e5 9. dxe5 Nxe5 10. Nxe5 Bxe5 11. Qe2 Qe7 12. e4 Rd8 13. Rac1 Be6 14. Bg5
Rd7 15. Kh1 h6 16. Bh4 g5 17. Bg3 Bxg3 18. fxg3 Rad8 19. Bxe6 Qxe6 20. e5 Ng4
21. Rce1 Re8 22. Ne4 Rd4 23. h3 Qxe5 24. Nf6+ Nxf6 25. Qxe5 Rxe5 26. Rxe5 Ne4
27. Kh2 c5 28. Re1 Nf2 29. R1e2 Nd3 30. Re7 Rb4 31. Rc7 c4 32. Ree7 a5 33. b3
cxb3 34. axb3 Rxb3 35. Rxf7 Ne5 36. Rh7 a4 37. Rhe7 Ng6 38. Rg7+ Kf8 39. Rxg6
a3 40. Rd6 Ke8 41. Rxh6 Kd8 42. Rg7 Re3 43. Rh8+ Re8 44. Rxe8+ Kxe8 45. Rxb7 a2
46. Ra7 1-0

[Event "Solingen-ch 2015"]
[Site "Solingen"]
[Date "2015.11.20"]
[Round "6.14"]
[White "Falge, Rainer"]
[Black "Bashylina, Luisa"]
[Result "1/2-1/2"]
[WhiteElo "1748"]
[BlackElo "1127"]
[PlyCount "52"]
[EventDate "2015.??.??"]
[WhiteTeam "SG Solingen"]
[BlackTeam "SG Solingen"]

1. e4 e5 2. Nf3 d6 3. d4 exd4 4. Qxd4 Nc6 5. Qd1 Be7 6. Nc3 Nf6 7. Bc4 O-O 8.
h3 a6 9. O-O b5 10. Bb3 Bb7 11. Re1 h6 12. Bf4 Na5 13. Nd5 Nxb3 14. axb3 Nxd5
15. exd5 Bf6 16. c3 b4 17. Rc1 Qd7 18. Rc2 Qf5 19. Bg3 Bxd5 20. Nd4 Bxd4 21. c4
Bxc4 22. Rxc4 Bxb2 23. Rxc7 Be5 24. Qd5 Rfe8 25. Bxe5 dxe5 26. Re7 Rad8 1/2-1/2

[Event "Solingen-ch 2015"]
[Site "Solingen"]
[Date "2015.11.20"]
[Round "6.16"]
[White "Rebischke, Florian"]
[Black "Möller, Laura"]
[Result "1-0"]
[WhiteElo "1617"]
[BlackElo "1736"]
[PlyCount "69"]
[EventDate "2015.??.??"]
[WhiteTeam "Godesberger SK"]
[BlackTeam "SG Solingen"]

1. e4 c5 2. Nf3 Nc6 3. d4 cxd4 4. Nxd4 g6 5. Nc3 Bg7 6. Be3 Nf6 7. Be2 d6 8. h3
O-O 9. Qd2 Re8 10. O-O-O e5 11. Nf3 a6 12. Qxd6 Bd7 13. Bg5 h6 14. Bxf6 Bxf6
15. Qxd7 Qb6 16. Nd5 Qd8 17. Qxd8 Bxd8 18. g4 Kg7 19. h4 Rc8 20. g5 h5 21. c3
Re6 22. Nd2 f6 23. gxf6+ Bxf6 24. Kb1 Rf8 25. f3 Kh6 26. Nc4 g5 27. Ncb6 Bd8
28. hxg5+ Bxg5 29. Rdg1 Rg6 30. Nd7 Rf7 31. Nc5 Rfg7 32. Nd3 h4 33. f4 exf4 34.
N3xf4 Bxf4 35. Rxh4# 1-0

[Event "Solingen-ch 2015"]
[Site "Solingen"]
[Date "2015.11.20"]
[Round "6.17"]
[White "Johann, Hans Werner"]
[Black "Barche, Uwe"]
[Result "1/2-1/2"]
[WhiteElo "1332"]
[BlackElo "1412"]
[PlyCount "52"]
[EventDate "2015.??.??"]
[WhiteTeam "TV Witzhelden"]
[BlackTeam "SG Solingen"]

1. d4 e6 2. a3 d5 3. e3 c5 4. dxc5 Bxc5 5. b4 Bd6 6. Nf3 a6 7. Be2 Nf6 8. Nbd2
O-O 9. Bb2 Nc6 10. O-O Re8 11. c4 b6 12. cxd5 Nxd5 13. Qc2 Bb7 14. Nc4 Bc7 15.
Rfd1 Qe7 16. Bd3 h6 17. Be4 Nf6 18. Bd3 e5 19. e4 b5 20. Ne3 Rad8 21. Nf5 Qe6
22. Bc3 Ne7 23. Nxe7+ Qxe7 24. Rac1 Nd7 25. Qe2 Qe6 26. Qb2 Bd6 1/2-1/2

[Event "Solingen-ch 2015"]
[Site "Solingen"]
[Date "2015.11.20"]
[Round "6.18"]
[White "Bauer, Matthias"]
[Black "Mix, Lothar"]
[Result "1/2-1/2"]
[WhiteElo "1693"]
[BlackElo "1241"]
[PlyCount "26"]
[EventDate "2015.??.??"]
[WhiteTeam "SV Günnigfeld"]
[BlackTeam "SG Solingen"]

1. e4 b6 2. d4 Bb7 3. Nc3 e6 4. Nf3 Be7 5. Bf4 a6 6. Bd3 Nf6 7. h3 O-O 8. Qe2
d6 9. O-O-O Nfd7 10. e5 d5 11. Qe3 c5 12. Bg5 Nc6 13. Bxe7 Qxe7 1/2-1/2

[Event "Solingen-ch 2015"]
[Site "Solingen"]
[Date "2015.11.20"]
[Round "6.19"]
[White "Wolf, Wieland"]
[Black "Fodor, Bernhard"]
[Result "1-0"]
[WhiteElo "1374"]
[BlackElo "1381"]
[PlyCount "65"]
[EventDate "2015.??.??"]
[WhiteTeam "SG Solingen"]
[BlackTeam "SG Solingen"]

1. e4 c5 2. Nc3 Nc6 3. Nf3 e6 4. d4 cxd4 5. Nxd4 Bb4 6. Nxc6 bxc6 7. Bd2 Ne7 8.
Bd3 a5 9. O-O Ba6 10. a3 Bxd3 11. cxd3 Bd6 12. Rc1 Ng6 13. d4 Bxh2+ 14. Kxh2
Qh4+ 15. Kg1 O-O 16. Qf3 Rab8 17. Rc2 Rb3 18. g3 Qd8 19. Qg2 Qb6 20. Be3 Qa6
21. f4 Qd3 22. Qe2 Rxc3 23. bxc3 Qxe4 24. Bc1 Qd5 25. Qf3 Qf5 26. Rb2 h5 27.
Rh2 h4 28. gxh4 Ne7 29. h5 Qh7 30. Qg3 f5 31. Rff2 Kh8 32. Rfg2 Rg8 33. Qg5 1-0